| 000 | 00468nam a22001937a 4500 | ||
|---|---|---|---|
| 003 | MPLRDC | ||
| 005 | 20220104124336.0 | ||
| 008 | 210129b ||||| |||| 00| 0 eng d | ||
| 020 | _a7-5015-3694-5 | ||
| 082 | _a293.23 WCX | ||
| 100 | _a王晨霞 | ||
| 245 |
_a掌纹医学入门 _c |
||
| 250 | _a一版三刷 | ||
| 260 |
_a中国 _b知识出版社 _c2005 |
||
| 300 | _b195 | ||
| 490 | _a掌纹医学实用秘籍 | ||
| 650 | _a手相 | ||
| 942 |
_cBK _o293.23 WCX |
||
| 999 |
_c18576 _d18566 |
||